000 00307nam a2200109Ia 4500
008 171211s9999 xx 000 0 und d
245 _aUnseen Cosmos: The Universe in Radio
245 _cFrancis Graham-Smith
260 _c2014
650 _xASTRONOMY
856 _uhttp://down.ebook777.com/065/0199660581.pdf
999 _c349389
_d349389